000 00573nam a2200217Ia 4500
003 OSt
005 20221002054809.0
006 a|||||r|||| 00| 0
007 ta
008 220930b |||||||| |||| 00| 0 eng d
024 _a70670
037 _cReference Collections
040 _aCRL
_cCRL
_beng
041 _2eng
_aeng
082 _aND44,J8(Q:6), K9(RR)
100 _aMaury Curt
_9407260
245 0 _afolk origins of indian art
260 _c1969
942 _hND44,J8(Q:6), K9(RR)
_cref
_2CC
999 _c925928
_d925928